000 00704nam a2200169 a 4500
001 000029843
005 20200930055841.0
008 110426s1995 dr 000 0 spa d
040 _aDO-SdBNP
_bspa
_cBNPHU
111 2 _aFestival Nacional de canto, danza y música tradicional
_d1995:
_cSanto Domingo
_n27 -29 de abril
_956597
245 1 0 _aPrograma.
260 _aSanto Domingo :
_bDirección General de Cultura
_bEditorial Gente,
_c1995.
300 _a12 p. ;
_c28 cm.
500 _aXXIII Feria nacional del libro José Martí- Máximo Gómez (manifiesto de Monte Cristi 1895-1995)
710 _aSecretaría de Estado de Educación, Bellas Artes y Cultura (República Dominicana )
_956598
049 _aBNPD
999 _c29335
_d29335